Historia de las monedas metálicas y del papel moneda (Registro nro. 5384)

Detalles MARC
000 -LEADER
fixed length control field 00989 a2200193 4500
001 - CONTROL NUMBER
control field 54213
005 - DATE AND TIME OF LATEST TRANSACTION
control field 20260407155812.0
008 - FIXED-LENGTH DATA ELEMENTS--GENERAL INFORMATION
fixed length control field 260407a1972 arg spa d
003 - CONTROL NUMBER IDENTIFIER
control field AR-UNSa-BCEJYS
040 ## - CATALOGING SOURCE
Original cataloging agency AR-UNSa-BCEJYS
Language of cataloging spa
Transcribing agency AR-UNSa-BCEJYS
080 ## - UNIVERSAL DECIMAL CLASSIFICATION NUMBER
Universal Decimal Classification number 336.74
Common auxiliary subdivision Moneda. Sistema monetario
100 1# - MAIN ENTRY--PERSONAL NAME
Personal name Caletti, Alberto Mario
245 10 - TITLE STATEMENT
Title Historia de las monedas metálicas y del papel moneda
264 #1 - PRODUCTION, PUBLICATION, DISTRIBUTION, MANUFACTURE, AND COPYRIGHT NOTICE
Place of production, publication, distribution, manufacture Buenos Aires :
Name of producer, publisher, distributor, manufacturer Ediciones Macchi
Date of production, publication, distribution, manufacture, or copyright notice 1972
300 ## - PHYSICAL DESCRIPTION
Extent 226 p.
Dimensions 22 cm.
505 ## - FORMATTED CONTENTS NOTE
Formatted contents note Primera Parte: LA MONEDA EN EL MUNDO: 1. Creación de la moneda – 2. Evolución de la moneda – 3. Trascendencia económica y social de la moneda – 4. Sistemas monetarios – 5. La nueva unidad monetaria: D. E. G. - - Segunda Parte: LA MONEDA EN LA REPUBLICA ARGENTINA: 6. Régimen colonial Argentino – 7. Monedas y bancos Argentinos – 8. Génesis del papel moneda en la Argentina – 9. Evolución monetaria Argentina.
590 ## - LOCAL NOTE (RLIN)
Local note niveau_biblio:m niveau_hierar:0
942 ## - ADDED ENTRY ELEMENTS (KOHA)
Koha item type
Existencias
Withdrawn status Lost status Damaged status Not for loan Home library Current library Shelving location Date acquired Total checkouts Full call number Barcode Date last seen Price effective from Koha item type
        Biblioteca Prof. Eusebio Cleto del Rey Biblioteca Prof. Eusebio Cleto del Rey   07/04/2026   336.74 C148 L23835 07/04/2026 07/04/2026 Libro